Responses for Show #3545 - Friday, January 21, 2000

Contestants

[<< previous game]

David Jay, an implementation specialist from San Diego, California

Travis Schroeder, an undergraduate student from Arroyo Grande, California

Lynn Walters, a stay-at-home mom from St. Louis, Missouri (whose 2-day cash winnings total $13,001)

[next game >>]

Jeopardy! Round responses

THE SWINGIN' '70s
ARCHIE-OLOGY
BLAST OFF!
ALLITERATIVE PEOPLE
ANIMAL COMMON BONDS
____THE____
    $100 6
The "Me" Decade

David
    $100 16
"Jughead"

Travis
    $100 13
Yuri Gagarin

Travis
    $100 24
(minute to go...)

Travis Tritt

Lynn
    $100 1
Horses

Lynn
    $100 7
Miss the boat

Travis
    $200 9
Nelson Rockefeller

Triple Stumper
    $200 17
Veronica

Travis
    $200 14
Skylab

Lynn
    $200 25
Barry Bostwick

Triple Stumper
    $200 2
Rabbits

Travis
    $200 8
Pop the question

Lynn
    $300 10
Mark Spitz

Lynn
    $300 21
Riverdale

Lynn
    $800 15
Halley's Comet

Lynn
    $300 26
Michael Milken

David
    $300 3
Dogs

Lynn
    $300 18
Blow the whistle

Lynn
    $400 11
(T: What are Doc Martens?)

Frye

Travis
Triple Stumper
    $400 29
Moose

Lynn
    $400 22
(D: What is the Enterprise?)

Columbia

TravisDavid
    $400 27
Rex Reed

Triple Stumper
    $400 4
Cats

Travis
    $400 19
In the hole

Lynn
    $500 12
"Streaker of the House"

Lynn
    $500 30
2001

David
    $500 23
(L: What is the V-5?)
(D: What is Titan?)

Saturn 5

LynnDavid
Triple Stumper
    $500 28
Darryl Dawkins

David
    $500 5
Sharks

Travis
    $500 20
Off the hook

Travis

Scores at the first commercial break (after clue 15):

Lynn Travis David
$2,400 $900 $100

Scores at the end of the Jeopardy! Round:

Lynn Travis David
$3,400 $2,100 $500

Double Jeopardy! Round responses

BRITISH POETS LAUREATE
MUSICAL INSPIRATIONS
(Alex: You have to give me the Broadway musical based on that literary work.)
FAMILIAL QUOTATIONS
TO THE REPUBLIC
FOR RICHARD
SPANS
    $200 26
"The Story of the Three Bears"

Travis
    $200 17
The Sound of Music

David
    $200 12
his mother

Lynn
    $200 6
Fiji

Lynn
    $200 7
Richard Starkey (Ringo Starr)

Lynn
    $200 1
Bosnia

David
    $400 27
Antony and Cleopatra

Triple Stumper
    $400 18
My Fair Lady

Lynn
    $400 13
His only begotten son

Travis
    $400 22
(Travis: What are Bosnia, Estonia & Lithuania?)

Estonia, Latvia & Lithuania

Travis
Triple Stumper
    $400 8
Richard Gephardt

Lynn
    $400 2
(David: What is London Bridge?)

Tower Bridge

David
Triple Stumper
    $600 28
(Travis: Who is Walt Whitman?)
[The end-of-round signal sounds.]

William Wordsworth

Travis
Triple Stumper
    $600 19
(David: What is The King and I?)

Camelot

LynnDavid
    $600 14
Sisterhood

Lynn
    $600 23
(Alex: ...minute to go...)

Cuba

Lynn
    $600 9
Admiral Richard E. Byrd

Triple Stumper
    $600 3
truss

Triple Stumper
    $800 20
Cabaret

Lynn
    $800 15
Caesar's wife

Triple Stumper
    $1,000 24
Lebanon

Lynn
    $800 10
Richard Lewis

Travis
    $800 4
the Firth of Forth

David
    $1000 21
Oklahoma!

Lynn
    $500 16
(Lynn: What is a son of God?)

a brother

Lynn
    $1000 25
Chile (Salvador Allende)

Triple Stumper
    $1000 11
Richard Lovelace

Triple Stumper
    $1000 5
Prince Edward Island

Travis

Scores at the end of the Double Jeopardy! Round:

Lynn Travis David
$8,900 $3,500 $700
(lock game)

[wagering suggestions for these scores]

Final Jeopardy! Round responses

MOVIE SOUNDTRACKS
DavidWhat is Vocare
$1
TravisWhat is Striptease?
$1,500
LynnWhat is The Full Monty?
$1,100
The Full Monty

Final scores:

Lynn Travis David
$10,000 $2,000 $699
3-day champion: $23,001 2nd place: Sanyo Blimp Trip in the U.S. 3rd place: Edge Company Catalog Gift Certificate

Game dynamics:

Coryat scores:

Lynn Travis David
$8,700 $3,500 $700
23 R
(including 2 DDs),
2 W
(including 1 DD)
13 R,
3 W
7 R,
4 W

Combined Coryat: $12,900

[game clues] [game scores] [suggest correction]

Game tape date: 1999-11-10
The J! Archive is created by fans, for fans. Scraping, republication, monetization, and malicious use prohibited; this site may use cookies and collect identifying information. See terms. The Jeopardy! game show and all elements thereof, including but not limited to copyright and trademark thereto, are the property of Jeopardy Productions, Inc. and are protected under law. This website is not affiliated with, sponsored by, or operated by Jeopardy Productions, Inc. Join the discussion at JBoard.tv.